The paradoxes of neoliberalism: migrant Korean sex workers in the United States and sex trafficking /

Tallennettuna:
Bibliografiset tiedot
Päätekijä: Cheng, Sealing
Muut tekijät: Kim, Eunjung
Aineistotyyppi: Teksti
Tagit: Lisää tagi
Ei tageja, Lisää ensimmäinen tagi!

MARC

LEADER 00000 a a2200000 04500
001 47397
003
040
100 |a Cheng, Sealing  
245 |a The paradoxes of neoliberalism:   |b migrant Korean sex workers in the United States and sex trafficking /  |c Sealing Cheng, Eunjung Kim  
700 |a Kim, Eunjung 
773 |g volumen21, número3, (2014), páginas 355-381  
999 |c 39218  |d 39218